Δαίμονες και διάβολος στην Ελλάδα

Αποθηκεύτηκε σε:
Λεπτομέρειες βιβλιογραφικής εγγραφής
Κύριος συγγραφέας: Stewart, Charles, 1956-
Μορφή: Βιβλίο
Γλώσσα:Greek
English
Δημοσίευση: Αθήνα : Ταξιδευτής, 2008.
Σειρά:Λαϊκός πολιτισμός ; 4
Θέματα:
Ετικέτες: Προσθήκη ετικέτας
Δεν υπάρχουν, Καταχωρήστε ετικέτα πρώτοι!

MARC

LEADER 00000cam a2200000 i 4500
001 1/45208
008 140402s2008 gr | || |||| ||gre||
020 |a 97896067485 
035 |l 10117263 
040 |a GR-MyUa  |b gre  |e AACR2 
041 1 |a gre  |h eng 
082 7 |a 398.09495   |2 (23) 
100 1 |a Stewart, Charles,   |d 1956- 
245 1 0 |a Δαίμονες και διάβολος στην Ελλάδα /   |c Charles Stewart. 
260 |a Αθήνα :   |b Ταξιδευτής,   |c 2008. 
300 |a 296 σ. ;   |c 24 εκ. 
490 1 |a (Λαϊκός πολιτισμός ;   |v 4) 
504 |a Περιλαμβάνει βιβλιογραφικές αναφορές. 
610 2 0 |a Orthodox Eastern Church  |z Greece  |x Doctrines. 
650 0 |a Demonology  |z Greece  |z Naxos Island. 
651 0 |a Naxos Island (Greece)  |x Social life and customs. 
651 0 |a Naxos Island (Greece)  |x Religious life and customs. 
651 0 |a Greece  |x Religious life and customs. 
765 0 8 |i Μετάφραση του:   |t Demons and the devil :  
830 0 |a Λαϊκός πολιτισμός ;  |v 4 
852 |a INST  |b LESVOS  |c EUDOXUS  |e 20140402  |h 398.09495 STE  |p 005100053808  |q 005100053808  |t EDX  |y 0 
901 |a BIBL1-2014-1 
920 |a ΕΥΔΟΞΟΣ  |b ΠΑΡΑΓΓΕΛΙΑ  |y Λέσβος-ΤΚΑΙ  |z 2013-04 
970 |a ΤΖΑΦΕΡΗ  |b ΕΥΑΓΓΕΛΙΑ  |z 2014/04/02